Detalles MARC
| 000 -CABECERA |
| campo de control de longitud fija |
01052cam a2200301 a 4500 |
| 001 - NÚMERO DE CONTROL |
| campo de control |
000011054 |
| 005 - FECHA Y HORA DE LA ÚLTIMA TRANSACCIÓN |
| campo de control |
20200929162340.0 |
| 008 - DATOS DE LONGITUD FIJA--INFORMACIÓN GENERAL |
| campo de control de longitud fija |
830202s1983 pr a 001 0 spa d |
| 020 ## - NÚMERO INTERNACIONAL ESTÁNDAR DEL LIBRO |
| Número Internacional Estándar del Libro |
0847723313 |
| 035 ## - NÚMERO DE CONTROL DEL SISTEMA |
| Número de control de sistema |
(DLC) 83001281 |
| 040 ## - FUENTE DE LA CATALOGACIÓN |
| Centro catalogador/agencia de origen |
DO-SdBNP |
| Centro/agencia transcriptor |
DLC |
| Centro/agencia modificador |
DLC |
| -- |
BNPHU |
| 082 ## - NÚMERO DE LA CLASIFICACIÓN DECIMAL DEWEY |
| Número de clasificación |
598.297295 |
| Número de documento/Ítem |
B576a, 1983 |
| 049 ## - FONDOS LOCALES (OCLC) |
| Fondos de biblioteca |
BNGR |
| 100 1# - ENTRADA PRINCIPAL--NOMBRE DE PERSONA |
| Nombre de persona |
Biaggi, Virgilio. |
| 9 (RLIN) |
26522 |
| 245 14 - MENCIÓN DE TÍTULO |
| Título |
Las aves de Puerto Rico / |
| Mención de responsabilidad, etc. |
Virgilio Biaggi ; ilustración de Lucila Madruga de Piferrer, Christine Boyce. |
| 250 ## - MENCIÓN DE EDICIÓN |
| Mención de edición |
3a ed., rev. y aum., |
| 260 ## - PUBLICACIÓN, DISTRIBUCIÓN, ETC. |
| Lugar de publicación, distribución, etc. |
Río Piedras, (Puerto Rico) : |
| Nombre del editor, distribuidor, etc. |
Universidad de Puerto Rico, |
| Fecha de publicación, distribución, etc. |
1983. |
| 300 ## - DESCRIPCIÓN FÍSICA |
| Extensión |
xii, 378 p. : |
| Otras características físicas |
il. ; |
| Dimensiones |
25 cm. |
| 504 ## - NOTA DE BIBLIOGRAFÍA, ETC. |
| Nota de bibliografía, etc. |
Bibliografía: p. 345-358. |
| 500 ## - NOTA GENERAL |
| Nota general |
Incluye glosario de terminos ornitológicos. |
| 500 ## - NOTA GENERAL |
| Nota general |
Incluye índice onomástico |
| 650 #4 - PUNTO DE ACCESO ADICIONAL DE MATERIA--TÉRMINO DE MATERIA |
| Término de materia o nombre geográfico como elemento de entrada |
Aves |
| Subdivisión geográfica |
Puerto Rico |
| 9 (RLIN) |
26526 |
| 650 #4 - PUNTO DE ACCESO ADICIONAL DE MATERIA--TÉRMINO DE MATERIA |
| Término de materia o nombre geográfico como elemento de entrada |
Ornitología |
| -- |
Puerto rico |
| 9 (RLIN) |
26527 |
| 700 1# - PUNTO DE ACCESO ADICIONAL--NOMBRE DE PERSONA |
| Nombre de persona |
Madruga de Piferrer, Lucila, |
| Término indicativo de función/relación |
il. |
| 9 (RLIN) |
26524 |
| 700 1# - PUNTO DE ACCESO ADICIONAL--NOMBRE DE PERSONA |
| Nombre de persona |
Boyce, Christine, |
| Término indicativo de función/relación |
il. |
| 9 (RLIN) |
26525 |
| 910 ## - DATOS DE OPCIÓN DEL USUARIO (OCLC) |
| Datos de opción del usuario |
Catalogación por copia / LC |
| 910 ## - DATOS DE OPCIÓN DEL USUARIO (OCLC) |
| Datos de opción del usuario |
WM |